| 000 | 00625nam a2200193 a 4500 | ||
|---|---|---|---|
| 001 | 12483 | ||
| 003 | CO-ViMGA | ||
| 008 | 141112s2004 ck r 000 u spa d | ||
| 040 |
_aCO-ViMGA _bspa _cCO-ViMGA |
||
| 082 | 0 | 4 | _a797.2 C68n |
| 100 | 1 |
_aCounsilman, James E. _917971 |
|
| 245 | 1 | 0 |
_aLa Natación : _bciencia y Tecnica |
| 260 |
_aBarcelona : _bHispano Europea, _c1999 |
||
| 300 | _a157p. : il. | ||
| 490 | _aColección Herakles | ||
| 590 | _aForma de adquisición : COMPRA - - Precio : 94.600 - - Proveedor : TUCIDIDES PEREA - - Fecha de adquisición : 09 - 06 - 2000 | ||
| 650 | 1 | 4 |
_aNATACION _917972 |
| 942 |
_2ddc _cBK |
||
| 999 |
_c23480 _d23480 |
||